| 000 | 01307nam a2200265 a 4500 | ||
|---|---|---|---|
| 001 | 001200322 | ||
| 003 | AM-YeHGA | ||
| 005 | 20250617162654.0 | ||
| 008 | 170131s1958 un |||||r|||||100|0|rus|d | ||
| 040 | _aAM-YeHGA | ||
| 041 | 0 | _arus | |
| 245 | 0 | 0 |
_aСовременные проблемы учения о сахарном диабете и о половых гормонах : _bМатериалы научной конференции, посвященной XXI съезду КПСС / _cМЗ УССР, Укр. ин-т эксперим. эндокринологии; Харьк. о-во эндокринологов. |
| 260 |
_aХарьков : _bБ. и., _c1958. |
||
| 300 |
_a97 с. ; _c22 см. |
||
| 650 | 1 | 4 | _aМедицина |
| 650 | 1 | 4 | _aПатология и семиотика мочи |
| 650 | 1 | 4 | _aИзменения мочи |
| 650 | 1 | 4 | _aДиурез |
| 653 | 0 | _aГормоны половые - Сборники | |
| 653 | 0 | _aДиабет сахарный - Сборники | |
| 710 | 2 | _aУкраинский институт экспериментальной эндокринологии МЗ УССР | |
| 710 | 2 | _aХарьковское общество эндокринологов | |
| 711 | 2 |
_aСъезд КПСС _n(XXI : _d1958 : _cХарьков) |
|
| 090 | _c497226 | ||
| 999 |
_c493838 _d493838 |
||